Economic survey 1992-93 (Record no. 409250)
[ view plain ]
| 000 -LEADER | |
|---|---|
| fixed length control field | 00337 a2200145 4500 |
| 003 - CONTROL NUMBER IDENTIFIER | |
| control field | NUST |
| 005 - DATE AND TIME OF LATEST TRANSACTION | |
| control field | 20180607071708.0 |
| 038 ## - RECORD CONTENT LICENSOR | |
| Staff Name | 0 |
| 082 ## - DEWEY DECIMAL CLASSIFICATION NUMBER | |
| Classification number | 330.95491005 ECO |
| 100 ## - MAIN ENTRY--PERSONAL NAME | |
| Personal name | Govt of Pakistan |
| 9 (RLIN) | 11105 |
| 245 ## - TITLE STATEMENT | |
| Title | Economic survey 1992-93 |
| 260 ## - PUBLICATION, DISTRIBUTION, ETC. | |
| Place of publication, distribution, etc. | Islamabad |
| Name of publisher, distributor, etc. | Govt of Pakistan |
| 300 ## - PHYSICAL DESCRIPTION | |
| Extent | 202p |
| 942 ## - ADDED ENTRY ELEMENTS (KOHA) | |
| Institution code [OBSOLETE] | NUST-S3H |
| Koha item type | Book |
| -- | Book |
| Source of classification or shelving scheme | |
| Withdrawn status | Lost status | Source of classification or shelving scheme | Damaged status | Not for loan | Collection code | Permanent Location | Current Location | Shelving location | Date acquired | Total Checkouts | Full call number | Barcode | Date last seen | Price effective from | Koha item type |
|---|---|---|---|---|---|---|---|---|---|---|---|---|---|---|---|
| Central Library (CL) | Central Library (CL) | General Stacks | 06/07/2018 | 330.95491005 ECO | S3H-D-167 | 06/07/2018 | 06/07/2018 |
